000 02391nam0a2200373 4500
001 RU\NLR\bibl\983296
005 20260405112018.0
010 _a5-85887-243-3
_bВ пер.
_93000
021 _aRU
_b2006-42514
_92123
035 _a(nilc)RSL-KNO-002911319
035 _a(NLR Aleph) 000971175
090 _a400181
_c400181
100 _a20060731d2006 |||y0rusy50 ca
101 0 _arus
102 _aRU
105 _ay |||||||||
106 _ar
200 1 _aДоносчик 001, или Вознесение Павлика Морозова
_eпервое независимое расследование зверского убийства подростка, донесшего на отца, и процесса создания из мальчика самого известного советского героя, проведенное тайно через пятьдесят лет после трагических и загадочных событий московским писателем, который рискнул сопоставить официальный миф с показаниями последних очевидцев и секретными док.
_fЮрий Дружников
210 _aМосква
_cРус. путь
_d2006
_eМ.
_gТипография "Новости"
215 _a222 с., [20] л. ил., портр., факс.
_d22
320 _aБиблиогр.: с. 208-214
600 1 _aМорозов
_bП.
_f1918 - 1932
_gПавел
_9966505
_3RU\NLR\auth\66361810
610 0 _aКультура. Наука. Просвещение -- Народное образование. Педагогические науки -- Общеобразовательная школа. Школьная педагогика -- Детские общественные организации -- Всесоюзная пионерская организация им. В.И. Ленина -- История -- 1922 - 1941 гг.
686 _aЧ422(2)131,0
_2rubbk
686 _aТ3(2)714-493
700 1 _aДружников
_bЮ. И.
_gЮрий Ильич
_4070
702 1 _4570
_8rus
_7ca
_aМорозов
_bП.
_f1918-1932
_gПавлик
_3RU\NLR\auth\7742915
_925858
801 0 _aRU
_bРКП
_c20060731
_grcr
801 1 _aRU
_bРГБ
_c20060731
801 2 _aRU
_bNLR
_c20060913
_grcr
830 _aпо кн
942 _cBOOK
980 _aNB